Opening Day Lineups: New York Yankees - Statistics

General Stats
  • This quiz has been taken 1,323 times
    23 since last reset
  • The average score is 38 of 73
Answer Stats
# Starts Answer % Correct
10 Aaron Judge
100%
2 Jazz Chisholm
100%
3 Anthony Volpe
93%
2 Austin Wells
93%
2 Cody Bellinger
93%
4 Derek Jeter
93%
4 Gerrit Cole
93%
8 Giancarlo Stanton
93%
1 Paul Goldschmidt
93%
1 Vernon Wells
93%
5 Alex Rodriguez
87%
10 Brett Gardner
87%
5 Gleyber Torres
87%
1 Max Fried
87%
1 Ryan McMahon
87%
1 Trent Grisham
87%
2 Ben Rice
80%
1 Carlos Rodón
80%
5 CC Sabathia
80%
5 Gary Sánchez
80%
1 José Caballero
80%
4 Robinson Canó
80%
3 Anthony Rizzo
73%
2 Jorge Posada
73%
2 Luke Voit
73%
6 Mark Teixeira
73%
4 Masahiro Tanaka
73%
3 DJ LeMahieu
67%
1 Juan Soto
67%
1 Jasson Domínguez
60%
3 Oswaldo Cabrera
60%
1 Alex Verdugo
53%
3 Curtis Granderson
53%
3 Didi Gregorius
53%
2 Jose Trevino
53%
2 Josh Donaldson
53%
3 Nick Swisher
53%
5 Aaron Hicks
47%
3 Brian McCann
47%
1 Ichiro Suzuki
47%
2 Gio Urshela
40%
2 Greg Bird
40%
1 Kyle Higashioka
40%
1 Nestor Cortes
40%
1 Tyler Austin
40%
1 Clint Frazier
33%
4 Jacoby Ellsbury
33%
1 Joey Gallo
33%
1 Luis Severino
33%
2 Russell Martin
33%
3 Chase Headley
27%
1 Francisco Cervelli
27%
1 Isiah Kiner-Falefa
27%
1 Kelly Johnson
27%
1 Kevin Youkilis
27%
1 Nick Johnson
27%
1 Tyler Wade
27%
1 Alfonso Soriano
20%
3 Carlos Beltran
20%
1 Miguel Andújar
20%
1 Neil Walker
20%
1 Ronald Torreyes
20%
2 Starlin Castro
20%
1 Ben Francisco
13%
1 Eduardo Nuñez
13%
1 Jayson Nix
13%
1 Raúl Ibañez
13%
1 Stephen Drew
13%
1 Troy Tulowitzki
13%
1 Jay Bruce
7%
1 Matt Holliday
7%
1 Brandon Drury
0%
1 Brian Roberts
0%
No matching quizzes found
Score Distribution
Percent of People with Each Score
Percentile by Number Answered
Your Score History
You have not taken this quiz since the last reset